000 00883nam a2200265Ia 4500
003 OSt
005 20220928132631.0
006 a|||||r|||| 00| 0
007 ta
008 220927b |||||||| |||| 00| 0 eng d
020 _c10507.372499999999
024 _a114343
037 _b253, 10/01/2012, N.R.Book Distributors
_cTextual
040 _aSDCL
_cSDCL
_beng
041 _2eng
_aeng
082 _aI9X0aJ, Q2
100 _aAltman Arie Ed.
_9458927
245 0 _aPlant Bio-Technology and agriculture
_b Prospects for the 21st century.
260 _aAmsterdam
_bElsevier
_c2012
300 _axxxviii,586p+14
_ccm.
650 _aPlant Molecular Bio
_9417564
700 _a Hasegawa Paul Michael Ed.
_9482506
942 _hI9X0aJ, Q2
_cTEXL
_2CC
999 _c795244
_d795244